000 00528nam a22001697a 4500
003 NUST
038 _aNusrat Nadeem
082 _a200
100 _aKhan, Wardah
_9125119
245 _aAntenna Design for High Power Microwave Applications/
_cWardah Khan,
264 _aIslamabad;
_bSEECS NUST;
_c2024.
300 _a90,p;
_bill;
_c30,cm.
650 _aMS- Electrical Engineering
_923567
700 _aSupervisor: Dr. Hammad M. Cheema
_996905
856 _uhttp://10.250.8.41:8080/xmlui/handle/123456789/45381
942 _2ddc
_cSC
999 _c610889
_d610889